[Event "FIDE Olympiad Disabilties-KO 2020"]
[Site "Online"]
[Date "2020.11.21"]
[Round "2.2"]
[White "Mukha, Nikolay"]
[Black "Checiak, Krzysztof"]
[Result "1-0"]
[WhiteElo "2163"]
[BlackElo "1967"]
[Annotator "TA"]
[PlyCount "105"]
[EventDate "2020.11.29"]
[EventType "team-tourn"]
[EventCountry "NET"]
[SourceTitle "playchess.com"]
[Source "ChessBase"]
[SourceQuality "1"]

{[%evp 19,105,28,73,23,15,15,39,39,36,29,33,19,29,0,0,2,6,6,79,67,74,72,69,62,72,77,63,77,114,109,169,182,403,114,114,114,114,117,127,104,118,115,138,138,143,107,107,107,107,99,107,107,106,105,226,227,190,85,86,8,8,8,27,8,20,28,108,112,73,88,375,354,682,697,582,573,677,680,606,600,768,701,5501,5295,5092,5080,1232,1088]} 1. d4 d5 2. c4 c6 3. cxd5 cxd5 4. Nc3 Nf6 5. Bf4 a6 6. e3 Nc6 7. Bd3 e6 8. Nf3 Bd6 9. Bg3 O-O 10. Rc1 Re8 11. Bxd6 {D13: Slav Defence: Exchange variation without ...Bf5.} Qxd6 12. O-O e5 {[#]} 13. Nxe5 $146 {White is slightly better.} ({Predecessor:} 13. dxe5 Nxe5 14. Be2 Nc6 15. Nd4 Ne5 16. Nf3 Nc6 17. Nd4 Ne5 18. Nf3 Nc6 {½-½ (18) Kurajica,B (2511)-Jankovic,A (2547) Bol 2014}) 13... Nxe5 14. dxe5 Qxe5 15. h3 Be6 16. Be2 b5 17. Bf3 Rad8 18. Qd4 Qb8 (18... Qxd4 $11 19. exd4 Ne4) 19. Ne2 Rc8 20. b3 h6 21. Nf4 Red8 22. Rfd1 Rxc1 23. Rxc1 a5 24. Rc6 Rd6 (24... Rc8 $16 25. Nxd5 (25. Bxd5 Bxd5 26. Nxd5 Nxd5 $16) 25... Bxd5 26. Bxd5 Nxd5 27. Rxc8+ (27. Qxd5 Rd8 $16) 27... Qxc8 28. Qxd5 Qc1+ 29. Kh2 Qc7+ 30. g3 b4) 25. Qe5 $18 Ne8 $2 (25... Rd8 26. Qxb8 Rxb8 27. Nxe6 fxe6 28. Rxe6 b4) 26. Rxd6 $2 (26. Nxe6 $18 Rd8 27. Qxb8 Rxb8 28. Nf4) 26... Qxd6 $16 27. Qxd6 Nxd6 28. Bxd5 $18 {[%mdl 4096] Endgame KBN-KBN} Bf5 29. a3 Kf8 30. Ne2 Bd3 31. Nd4 a4 {intending ...b4.} 32. bxa4 bxa4 33. Bc6 Nc4 34. Bb5 Nb2 35. Bxd3 Nxd3 $16 {KN-KN} 36. Kf1 Ne5 (36... Ke7 $16 {might work better.}) 37. Ke2 $18 Ke7 38. Nc2 (38. f4 $18 Nc4 39. Nb5) 38... Kd6 39. Kd2 ({White should play} 39. Nb4 $1 $16) 39... Kc5 40. Kc3 Nc4 41. e4 g6 42. f4 g5 {[#]} (42... h5 $11) 43. fxg5 $1 $16 hxg5 44. g3 f6 $2 {[%mdl 8192] [#]} (44... Nd6 $16) 45. h4 $1 $18 gxh4 $2 (45... Nd6 46. Kd3 gxh4 47. gxh4 Nf7) 46. gxh4 {White is clearly winning.} Nd6 47. Kd3 Nc4 48. h5 Ne5+ 49. Kc3 Ng4 50. Nd4 Nf2 51. h6 Nxe4+ 52. Kc2 Ng5 {[#]} 53. Ne6+ $1 {[%mdl 512] Weighted Error Value: White=0.22/Black=0.57} 1-0

[Event "FIDE Olympiad Disabilties-KO 2020"]
[Site "Online"]
[Date "2020.11.21"]
[Round "2.2"]
[White "Palin, Denis"]
[Black "Stolarczyk, Anna"]
[Result "0-1"]
[WhiteElo "2110"]
[BlackElo "1909"]
[Annotator "TA"]
[PlyCount "114"]
[EventDate "2020.11.29"]
[EventType "team-tourn"]
[EventCountry "NET"]
[SourceTitle "playchess.com"]
[Source "ChessBase"]
[SourceQuality "1"]

{[%evp 9,113,-1,27,11,37,24,34,29,40,0,24,6,25,18,18,-28,-17,-21,12,17,83,1,128,146,143,125,150,129,222,177,160,147,144,88,83,87,83,72,70,70,225,102,81,53,75,22,36,13,19,21,26,0,0,9,21,29,26,31,78,78,78,78,78,23,20,0,78,0,28,16,78,78,79,11,11,-33,-36,-86,-89,-190,-174,-191,-188,-188,-120,-644,-626,-617,-629,-596,-340,-355,-283,-249,0,-533,-508,-483,-474,-913,-890,-29984,-29984,-29998,-29999,-29999]} 1. d4 Nf6 2. Nf3 c5 3. e3 cxd4 4. exd4 d5 5. h3 g6 6. Bd3 {B13: Caro-Kann: Exchange Variation and Panov-Botvinnik Attack.} Bg7 {6...Bf5 gains popularity.} 7. O-O O-O 8. c3 {White is slightly better.} Nc6 9. Qc2 Qc7 10. Nbd2 Re8 11. Re1 b6 {[#]} 12. b4 $146 ({Predecessor:} 12. Nf1 Bb7 13. Bg5 e5 14. dxe5 Nxe5 15. Nxe5 Rxe5 16. Bf4 Rxe1 17. Bxc7 Rxa1 18. Kh2 {0-1 (40) Skogvall,M (1960)-Kayser,S (2031) Oranienburg 2016}) 12... Nd7 13. b5 Nd8 14. Ba3 e6 (14... e5 $11) 15. Bb4 (15. c4 $16) 15... f6 (15... a5 $11 16. Ba3 Bb7) 16. c4 Bb7 17. Rac1 {Black must now prevent Bxg6!} dxc4 18. Bxc4 {Strongly threatening Qb3.} Qf4 (18... Rc8 $16) 19. g3 Qh6 20. h4 Bf8 21. Bxf8 ({White should try} 21. Qb3) 21... Qxf8 $16 22. Qb3 Qd6 23. Ne4 Bxe4 24. Rxe4 Kg7 $2 {[#]} ({Better is} 24... Nf8 $14) 25. Rce1 (25. Bxe6 $1 $18 {[%mdl 512]} Rb8 (25... Nxe6 26. Rc6) 26. Bd5 Rxe4 27. Bxe4) 25... Nf8 26. g4 Rc8 27. Bf1 (27. Qd3 $16) 27... Nf7 $11 28. g5 {next gxf6+ is good for White.} f5 29. R4e3 Rc7 30. Rc3 Rec8 31. Rec1 Rxc3 32. Rxc3 Rxc3 33. Qxc3 Nd7 34. Bc4 {aiming for Bxe6!} Kf8 35. Bb3 Ke7 36. Qc4 (36. Qe3 $16) 36... Nd8 37. Qc3 (37. Kg2 $11) 37... Nf7 $16 38. Qc4 Nd8 39. Qe2 Nf7 (39... Qf4 $11 {remains equal.}) 40. Qe3 Nd8 41. Ne5 (41. h5 $16) 41... Nxe5 $11 42. dxe5 Qb4 {[%mdl 64] Double Attack} 43. f4 Qxb5 44. Qd2 (44. Qd4 $17) 44... Qc5+ $1 $19 45. Kg2 {[#]} Nc6 $1 46. Qd3 Qd4 (46... b5 $19 47. Qf3 Qc1) 47. Qb5 $2 {[%mdl 8192]} (47. Qc4 $17 Qxc4 48. Bxc4) 47... Qd2+ 48. Kg3 Qe3+ 49. Kg2 Qe4+ 50. Kg3 Qe1+ 51. Kg2 {[#]} Qd2+ $2 (51... Nd4 $1 {[%cal Rd4b5]} 52. Qd3 Qe2+ 53. Qxe2 Nxe2) 52. Kg3 $1 Qc3+ 53. Kg2 Nd4 54. Qa6 (54. Qf1 $142 Qd2+ 55. Qf2) 54... Qf3+ {[%mdl 64] Double Attack} 55. Kg1 Ne2+ {[%mdl 64] Double Attack. Black mates.} 56. Kh2 Qg3+ {[%mdl 64] Double Attack} 57. Kh1 Qg1# {What a bad dream for White.  Weighted Error Value: White=0.51/Black=0.33} 0-1

[Event "FIDE Olympiad Disabilties-KO 2020"]
[Site "Online"]
[Date "2020.11.21"]
[Round "2.2"]
[White "Piekielny, Pawel"]
[Black "Yarmonov, Igor"]
[Result "0-1"]
[WhiteElo "2098"]
[BlackElo "2391"]
[Annotator "TA"]
[PlyCount "138"]
[EventDate "2020.11.29"]
[EventType "team-tourn"]
[EventCountry "NET"]
[SourceTitle "playchess.com"]
[Source "ChessBase"]
[SourceQuality "1"]

{[%evp 31,138,19,30,18,30,18,37,32,57,29,35,34,35,26,35,-103,28,31,75,39,176,110,123,106,112,31,41,34,37,20,16,0,7,0,0,0,75,75,68,49,49,56,55,51,82,71,77,45,89,20,73,-27,-25,-31,-28,-36,-13,-13,-6,-21,0,0,0,0,0,0,0,0,0,0,0,-59,-59,-59,-59,-59,-59,-59,-59,-59,-59,-59,-59,-59,-59,-95,-95,-95,-95,-3710,-4516,-4516,-641,-2143,-2143,-29980,-29982,-29981,-29982,-29983,-29984,-29984,-29985,-29986,-29987,-29987,-29988,-29988,-29989]} 1. e4 c6 2. d4 d5 3. Nc3 dxe4 4. Nxe4 Bf5 5. Ng3 Bg6 6. h4 h6 7. Nf3 Nd7 8. h5 Bh7 9. Bd3 Bxd3 10. Qxd3 e6 11. Bd2 Ngf6 12. O-O-O Qc7 13. Kb1 O-O-O 14. Qe2 Bd6 15. Ne4 Nxe4 16. Qxe4 Nf6 17. Qe2 {B19: Classical Caro-Kann: 4...Bf5 main line.} c5 18. Rh4 Kb8 19. dxc5 {White is slightly better.} Bxc5 20. Rc4 Qe7 21. Ne5 Rd5 22. Bf4 Ka8 {[#]} 23. Rxd5 $146 (23. Rd3 $14) ({Predecessor:} 23. Rd3 Re8 24. Rdc3 Bd6 25. a3 Bb8 26. g4 Nd7 27. Nd3 Nb6 28. Re4 Bxf4 29. Nxf4 {0-1 (44) Agner,C (2187)-Plumhoff,B (2022) IECG email 2001}) 23... Nxd5 (23... exd5 $17 24. Rc3 Re8) 24. Bg3 Bb6 25. Qf3 (25. Bh4 $5 {[%cal Rh4e7]} Qe8 26. Bd8 $1 $14 {[%mdl 576] Back Rank}) 25... Nf6 ({Better is} 25... Rf8 $14) 26. a3 (26. Qc3 $18 {White threatens Rc8+ and mate.} Qd8 27. a3) 26... a6 $16 27. Qc3 {Hoping for Rc8+.} Ka7 28. a4 (28. Rc8 $1 $16 {[%cal Rc8h8]} Rxc8 29. Qxc8) 28... Nd5 $1 $14 {[%cal Rd5c3]} 29. Qf3 Rf8 30. Bh4 Qe8 $1 31. Nd3 f6 32. Nb4 Nxb4 33. Rxb4 {Threatens to win with a5!} Qc6 (33... Qf7 $11) 34. Qxc6 $16 bxc6 {[%mdl 4096] Endgame KRB-KRB} 35. Rg4 Rf7 36. c3 Kb7 37. Kc2 Kc7 38. Bg3+ Kd7 39. Rc4 e5 40. b4 (40. f4 $16) 40... Bc7 (40... g6 $11) 41. b5 ({White should play} 41. f4 $16) 41... axb5 42. axb5 cxb5 43. Rc5 Rf8 (43... g6 $5) 44. Rxb5 Ra8 45. Kb2 Ra4 46. Rb4 Rxb4+ 47. cxb4 $11 {KB-KB} Kc6 48. Kc3 Kb5 49. Kd3 {Threatening Ke4.} f5 $1 ({Of course not} 49... Kxb4 $6 50. Ke4 $16) 50. Kc3 Bd6 51. f3 ({White should try} 51. Kd3 $1 $11) 51... Bxb4+ $15 52. Kd3 Bd6 53. Bf2 Kc6 $1 54. Be1 Kd5 55. Bc3 Be7 56. Bb2 Bf6 {Strongly threatening ...e4+.} 57. Ke3 e4 58. fxe4+ fxe4 59. Ba3 Bd4+ 60. Ke2 $2 {[%mdl 8192]} (60. Kf4 $17) 60... Ke5 $19 61. Bc1 {[#] Cut Off at move 61} Kf5 $1 {[%cal Rf5g4]} 62. Bd2 Kg4 63. Be3 {[#]} Bxe3 $1 {Black mates.} 64. Kxe3 Kxh5 65. Kxe4 {KPP-KP} Kg4 66. Ke5 h5 67. Ke6 h4 68. Kf7 Kg3 69. Kxg7 Kxg2 {Weighted Error Value: White=0.35/Black=0.19} 0-1

[Event "FIDE Olympiad Disabilties-KO 2020"]
[Site "Online"]
[Date "2020.11.21"]
[Round "2.2"]
[White "Sovetov, Oleksandr"]
[Black "Szewczyk, Malwina"]
[Result "1-0"]
[WhiteElo "2022"]
[BlackElo "1418"]
[Annotator "TA"]
[PlyCount "155"]
[EventDate "2020.11.29"]
[EventType "team-tourn"]
[EventCountry "NET"]
[SourceTitle "playchess.com"]
[Source "ChessBase"]
[SourceQuality "1"]

{[%evp 12,155,-3,-3,25,7,39,44,22,22,17,7,59,50,89,90,92,29,145,68,72,53,217,214,332,141,134,135,410,416,417,199,437,412,449,451,424,410,381,352,375,362,364,361,358,343,400,391,381,399,769,746,763,761,741,406,406,406,437,254,357,291,584,374,343,354,360,356,339,288,427,293,289,289,289,289,289,211,619,602,714,708,700,710,1216,991,1112,282,282,282,282,282,282,282,281,282,275,267,282,282,267,267,289,274,274,274,274,111,274,267,266,141,121,8,1379,1058,758,747,747,740,5600,5106,29984,29985,29985,29986,29984,6077,5110,4618,2431,2431,29983,29984,29984,29985,29985,29984,29984,29985,29985,29986,29987,29988,29988,29987]} 1. d4 Nf6 2. c4 g6 3. Nc3 d5 4. Nf3 Bg7 5. e3 O-O 6. Qb3 e6 7. Be2 c5 {D95: Grünfeld: 4 Nf3 Bg7 5 e3 0-0 6 Qb3.} 8. cxd5 exd5 {[#]} 9. dxc5 $146 ({Predecessor:} 9. O-O c4 10. Qd1 a6 11. a4 Nc6 12. b3 Na5 13. bxc4 dxc4 14. Ne5 Be6 15. Ba3 {½-½ (46) Jones,I (2182)-Atakisi,U (2345) Skopje 2015}) 9... Qa5 {White is slightly better.} 10. Qb5 Qc7 11. O-O Be6 ({Black should play} 11... Na6 $11) 12. Bd2 Bd7 13. Qb3 Qxc5 14. Rac1 ({Better is} 14. Qxb7 $16 Nc6 15. Rac1) 14... Qd6 (14... Qb6 $1 $11) 15. Nb5 (15. Qxb7 $16 Nc6 16. Nb5) 15... Bxb5 $14 16. Bxb5 Qe6 $2 (16... Na6 $14) 17. Nd4 $18 Qg4 (17... Qe5 $142 18. Bb4 Rd8) 18. Be2 (18. Bb4 $18 {has better winning chances.}) 18... Qd7 $16 19. Bb4 $36 {[%mdl 2048] Black is under strong pressure.} Rd8 $2 {[%mdl 8192]} (19... Rc8 $16) 20. Bb5 $1 $18 {[%cal Rb5d7]} Qg4 21. h3 (21. Be7 $142 Na6 22. Bxd8 Rxd8 23. Bxa6 bxa6 24. Qb7) 21... Qg5 $2 (21... Qe4 {was worth a try.} 22. Rfd1 a5) 22. Be7 Nbd7 23. Bxd8 Rxd8 24. Nf3 Qf5 25. Bd3 Ne4 26. Bxe4 dxe4 27. Nd4 Bxd4 28. exd4 Nb6 29. Rc7 Rxd4 30. Rxb7 Nc4 $2 (30... Rd3) 31. Rb8+ Kg7 32. Qc3 Qe5 33. Re8 Qf6 34. Re1 Ne5 {[#]} 35. Rc8 ({Less strong is} 35. Qxd4 Nf3+ 36. gxf3 Qxd4 $14) (35. Qc5 $142 $1 {[%csl Ge8][%cal Rc5f8]} Nd7 36. Qxa7) 35... Rd3 (35... Qd6 {was called for.} 36. Re8 g5) 36. Qc5 {[%csl Gc8][%cal Rc5f8]} Qg5 $2 (36... Nd7 {was necessary.} 37. Qxa7 Rd2) 37. Kf1 Qf5 38. Re8 {And now Qf8+ would win.} Nd7 39. Qxf5 gxf5 {[%mdl 4096] Endgame KRR-KRN} 40. Ra8 Nc5 (40... Rd2 $142 41. Rd8 Kf6) 41. Rxa7 Rd2 {If only Black now had time for ...Nd3....} 42. b4 {[%cal Bb2b4,Bb4b5,Bb5b6][%mdl 32]} Nd3 43. Rb1 $1 Rxf2+ 44. Kg1 Rc2 $2 (44... Rd2 45. Rd7 e3) 45. b5 e3 46. Re7 e2 47. b6 {Black must now prevent b7.} e1=Q+ 48. Rexe1 Nxe1 49. Rxe1 $2 {KR-KR} (49. b7) 49... Rb2 50. a4 {a5 is the strong threat.} Rxb6 51. a5 Ra6 52. Ra1 $1 Kf6 53. Kf2 Ke5 54. Ke3 Kd5 55. Kf4 Ke6 56. h4 h6 57. g3 Kf6 58. Ra3 Kg6 59. Ra4 (59. h5+ $1 $18 Kf6 60. Ra2) 59... Kf6 $2 (59... f6 $16 60. Ra3 Kh5) 60. Ra1 Kg6 {[#]} 61. Ke5 {Cut Off at move 61} ({White must play} 61. h5+ $1 $18 Kf6 62. Ra2) 61... f6+ $16 {[#]} 62. Kd5 (62. Kf4 $1 $16) 62... Kf7 $2 {[%mdl 8192] White stays focused until the end.} (62... Kh5 $11) 63. Kc5 Ke6 64. Kb5 Ra8 65. a6 Kd7 66. a7 Kc8 67. Kc6 h5 68. Ra2 Kd8 69. Kd6 (69. Kb7 $142 Rxa7+ 70. Rxa7 Kd7 71. Ra6 Ke8 72. Kc6 Ke7 73. Kd5 Kd7 74. Ra7+ Kd8 75. Kc6) 69... Kc8 $18 70. Ke6 Kb7 71. Kxf5 Rf8 {[#]} 72. a8=Q+ $1 {[%mdl 512] White mates.} Rxa8 73. Rxa8 Kxa8 74. Kxf6 {KPP-KP} Kb7 75. Kg5 Kc6 76. Kxh5 Kd7 77. Kg6 Ke8 78. Kg7 {Weighted Error Value: White=0.54/Black=0.64} 1-0

[Event "FIDE Olympiad Disabilties-KO 2020"]
[Site "Online"]
[Date "2020.11.21"]
[Round "2.2"]
[White "Szalko, Maciej"]
[Black "Sovietova, Kateryna"]
[Result "1-0"]
[WhiteElo "1946"]
[BlackElo "1338"]
[Annotator "TA"]
[PlyCount "69"]
[EventDate "2020.11.29"]
[EventType "team-tourn"]
[EventCountry "NET"]
[SourceTitle "playchess.com"]
[Source "ChessBase"]
[SourceQuality "1"]

{[%evp 9,68,14,16,11,30,30,20,26,30,25,75,77,64,37,47,33,100,19,83,62,227,91,293,310,475,474,477,444,586,565,1126,1091,1465,1465,1417,1375,2013,1966,1892,1870,29990,1827,29989,29989,29993,1414,29991,29991,29995,29996,29996,29995,29995,29992,29995,29996,29996,29995,29998,29999,29999]} 1. d4 d5 2. c4 e6 3. Nf3 Nf6 4. g3 Be7 5. Bg2 c6 6. Qc2 {E06: Closed Catalan: Early deviations.} h6 7. O-O O-O 8. b3 {The position is equal.} Nbd7 9. Nc3 {[#]} dxc4 $146 ({Predecessor:} 9... b6 10. e4 dxe4 11. Nxe4 Bb7 12. Rd1 Qc8 13. Nc3 Bd6 14. Bb2 Qc7 15. a3 e5 {1-0 (22) Braun,A (2579)-Van Foreest,L (2350) Germany 2016}) 10. bxc4 Qc7 11. e4 e5 12. Bb2 Re8 (12... exd4 $14 13. Nxd4 Nc5) 13. Rac1 (13. dxe5 $1 $16 Ng4 14. e6 fxe6 15. h3) 13... Bd6 (13... exd4 $11 {keeps the balance.} 14. Nxd4 Nc5) 14. Rfd1 {White stays focused until the end.} Nf8 $2 ({Black should try} 14... exd4 $14 15. Nxd4 Bb4) 15. Ne2 (15. Nxe5 $6 Bxe5 16. dxe5 Rxe5 $16) (15. c5 $18 {and White stays clearly on top.} Be7 16. Nxe5 (16. dxe5 N6d7 $16)) 15... Bg4 $2 (15... exd4 $16 {was necessary.} 16. c5 (16. Nfxd4 Qe7 $14) (16. Rxd4 Bc5 $15) 16... d3 17. Rxd3 (17. Qxd3 Be7 $14) 17... Be7) 16. c5 $18 (16. Nxe5 $6 Bxe5 17. dxe5 N6d7 $16) 16... Bxf3 (16... Be7 $142 17. Nxe5 (17. dxe5 N6d7 $14) 17... Bxe2) 17. cxd6 ({Weaker is} 17. Bxf3 Be7 $16) 17... Bxe4 18. Bxe4 ({But not} 18. dxc7 Bxc2 19. Rxc2 exd4 $18) 18... Qxd6 19. dxe5 {[%mdl 64] Discovered Attack} Qe6 20. Bf5 Qe7 21. exf6 Qxe2 22. Rd2 Qb5 23. fxg7 Ng6 24. a4 Qa5 25. Bc3 (25. Bxg6 $142 Re5 26. Bxf7+ $1 {[%mdl 512]} Kxf7 27. Qb3+ {[%mdl 64] Double Attack} Qd5 28. Rxd5 cxd5 29. Qxb7+ {[%mdl 64] Double Attack} Ke6 30. Qxa8) 25... Qc5 26. Bxg6 fxg6 27. Qxg6 (27. Qb3+ $142 Qd5 28. Rxd5 cxd5 29. Qxd5+ Re6 30. Qxe6+ {[%mdl 64] Double Attack} Kh7 {[#]} 31. g8=R $1 {[%mdl 576] Decoy} Rxg8 32. Qf7+ {[%mdl 64] Double Attack} Rg7 33. Qxg7#) 27... h5 28. Qh6 {White mates.} Qa3 29. Qh8+ Kf7 30. Qxh5+ Kg8 31. Bb2 Qb4 32. Qh8+ Kf7 33. Rd7+ Ke6 34. Qh3+ Qg4 35. Qxg4# {Weighted Error Value: White=0.31/Black=1.21} 1-0

[Event "FIDE Olympiad Disabilties-KO 2020"]
[Site "Online"]
[Date "2020.11.21"]
[Round "2.2"]
[White "Kaydanovich, Marina"]
[Black "Molenda, Marcin"]
[Result "0-1"]
[WhiteElo "1734"]
[BlackElo "2349"]
[Annotator "TA"]
[PlyCount "122"]
[EventDate "2020.11.29"]
[EventType "team-tourn"]
[EventCountry "NET"]
[SourceTitle "playchess.com"]
[Source "ChessBase"]
[SourceQuality "1"]

{[%evp 15,122,0,3,-22,31,14,33,11,30,8,16,-58,-57,-58,-70,-56,-54,-59,-25,-39,-5,-4,-14,-21,0,-51,-46,-61,-63,-90,-95,-88,-69,-77,-75,-77,-70,-104,-91,-81,-84,-70,-79,-99,-72,-89,0,-95,-99,-102,-83,-211,-183,-208,-135,-141,-131,-249,-258,-250,-236,-289,-303,-300,-273,-298,-259,-256,-228,-245,-210,-252,-271,-258,-249,-246,-232,-303,-300,-294,-297,-285,-262,-393,-225,-481,-455,-854,-806,-989,-1016,-997,-990,-947,-927,-775,-741,-29981,-29982,-29982,-29983,-29983,-29984,-29985,-29982,-29984,-29985,-29985,-29986]} 1. c4 b6 2. Nc3 Bb7 3. e4 c5 4. Nf3 d6 5. g3 Nf6 6. d3 g6 7. Bg2 Bg7 8. O-O O-O 9. Qe2 {[#] A30: Symmetrical English: Double Fianchetto and Hedgehog.} Nbd7 $146 (9... Nfd7 $11) ({Predecessor:} 9... Nc6 10. h3 Nd7 11. Nh2 Nd4 12. Qd1 a6 13. Be3 b5 14. cxb5 Nxb5 15. Rc1 Qa5 16. Qd2 Rab8 {1-0 (40) Kortschnoj,V (2585)-Adams,M (2590) Roquebrune 1992}) 10. Rd1 e6 11. Bf4 {White is slightly better.} Qe7 12. Nb5 Ne8 13. e5 (13. Bg5 $11 Nef6 14. Bf4) 13... dxe5 $15 14. Nxe5 Bxg2 15. Kxg2 Nxe5 16. Bxe5 Qb7+ 17. f3 f6 18. Bc3 e5 19. Qe4 Rb8 20. Bd2 ({White should play} 20. Qxb7 $11 Rxb7 21. b4) 20... Qd7 21. Nc3 Nc7 22. Be3 f5 23. Qh4 Qc6 24. Bh6 Bf6 25. Bg5 Bh8 26. Re1 Rf7 27. Rad1 Re8 28. Bh6 Rd7 29. Kf2 Red8 30. Bg5 Re8 31. Bh6 $1 Bf6 $36 {[%mdl 2048] White is under strong pressure.} 32. Bg5 Rd4 33. f4 {[#] This costs White the game.} (33. Qh6 $17 {only move.}) 33... Bg7 $1 $19 34. Bh6 Bxh6 35. Qxh6 exf4 36. gxf4 (36. Rxe8+ $17 Qxe8 37. gxf4) 36... Qd6 37. Rxe8+ Nxe8 38. Nd5 {[#]} Nc7 $1 {[%cal Rc7d5]} 39. Re1 Nxd5 40. cxd5 {intending Re8+.} Qxf4+ 41. Qxf4 Rxf4+ {[%mdl 4096] Endgame KR-KR} 42. Kg3 Rg4+ 43. Kf3 Kf7 44. d6 Rd4 45. Re7+ Kf6 46. Rxa7 Rxd3+ 47. Ke2 Rxd6 48. Rxh7 Kg5 49. Re7 (49. Kf3 $142) 49... Kf4 (49... Kg4 $142 50. Re3 g5) 50. b3 $2 (50. Re3) 50... g5 51. h3 (51. Ke1 $142 g4 52. Re2) 51... Rh6 52. Re3 g4 53. hxg4 Rh2+ 54. Kd3 fxg4 {And now ...Rh3 would win.} 55. Re4+ Kf5 {Strongly threatening ...Rh3+.} 56. Re3 Rh3 {Black mates.} 57. Ke2 Rxe3+ 58. Kxe3 Ke5 59. a4 Kd5 60. Kf4 Kd4 61. Kxg4 Kc3 {Weighted Error Value: White=0.51/Black=0.12} 0-1